|
|
|
|
| LEADER |
00000naa2a2200000 4500 |
| 001 |
395474 |
| 005 |
20231101064627.0 |
| 035 |
|
|
|a (RuTPU)RU\TPU\prd\32782
|
| 090 |
|
|
|a 395474
|
| 100 |
|
|
|a 20050215a2004 k y0rusy50 ca
|
| 101 |
0 |
|
|a rus
|
| 102 |
|
|
|a RU
|
| 200 |
1 |
|
|a Метод компактного хранения сигналов при спектометрии временных задержек
|f М. В. Мартынюк
|
| 225 |
1 |
|
|a Общие вопросы метрологии и измерительной техники
|
| 320 |
|
|
|a Библиогр.: 5 назв.
|
| 461 |
|
1 |
|0 (RuTPU)RU\TPU\prd\1509
|x 0368-1025
|t Измерительная техника
|l Measurement Techniques
|o научно-технический журнал
|f Российская Федерация, Федеральное агентство по техническому регулированию и метрологии (Ростехрегулирование) (Госстандарт России)
|d 1940-1941, 1955-
|
| 463 |
|
1 |
|0 (RuTPU)RU\TPU\prd\30496
|t № 10
|v С. 23-26
|d 2004
|
| 610 |
1 |
|
|a алгоритмы сжатия данных
|
| 610 |
1 |
|
|a временные задержки
|
| 610 |
1 |
|
|a спектометрия
|
| 610 |
1 |
|
|a дифференциальная импульсно-кодовая модуляция
|
| 610 |
1 |
|
|a преобразование Фурье
|
| 610 |
1 |
|
|a дискретный квантовый сигнал
|
| 675 |
|
|
|a 519.688:534.86
|v 3
|
| 700 |
|
1 |
|a Мартынюк
|b М. В.
|
| 801 |
|
1 |
|a RU
|b 63413507
|c 20050215
|g PSBO
|
| 801 |
|
2 |
|a RU
|b 63413507
|c 20121218
|g RCR
|
| 942 |
|
|
|c BK
|